Data Collection: key debates and methods in social research

I tiakina i:
Ngā taipitopito rārangi puna kōrero
Kaituhi matua: Olsen, Wendy
Hōputu: Tē mōhiotia
Reo:Ingarihi
I whakaputaina: Los Angeles Sage 2012
Ngā marau:
Ngā Tūtohu: Tāpirihia he Tūtohu
Kāore He Tūtohu, Me noho koe te mea tuatahi ki te tūtohu i tēnei pūkete!

MARC

LEADER 00000 a2200000 4500
003 CL-VaPUC
005 20210223002527.0
008 200309b ||||| |||| 00| 0 eng d
999 |c 385446  |d 385444 
020 |a 9781847872555 
040 |c Pontificia Universidad Católica de Valparaíso 
082 0 4 |a 001.433 OLS 2012 
100 |a Olsen, Wendy  |9 623508 
245 |a Data Collection: key debates and methods in social research 
260 |b Sage  |c 2012  |a Los Angeles 
300 |a 234 p 
583 |k Hugo Gaete  |c 20200309 
650 0 0 |a RECOLECCION DE DATOS  |9 402278 
650 0 0 |a Investigación social   |9 307814 
650 0 0 |a Métodos de investigación   |9 262618 
942 |2 ddc  |c BK 
952 |0 0  |1 0  |2 ddc  |4 0  |6 001_433000000000000_OLS_2012  |7 0  |9 551572  |a BIBING  |b BIBING  |c GEN  |d 2020-03-06  |e 87  |g 999999.99  |i 557353K  |o 001.433 OLS 2012  |p 557353K  |r 2024-01-25  |v 0.00  |w 2020-03-06  |y BK  |k Ell